00678cam a22001697a 4500008004000000082001500040245009300055260003400148300001000182650005400192650004100246650003900287650003700326700004000363999001900403952008600422180718b2003 xxu||||| |||| 00| 0 eng d aR17x54 Z89 aChild labour labour rehabilitation in Indiacedited by Bupinder Zutshi and Mondira Dutta aNew DElhibBhavna booksc2003 a257p. aChildren -- Rehabilitation -- India -- Congresses aChild welfare -- India -- Congresses aChild labor -- India -- Congresses aEducation -- India -- Congresses aZutshi, Bupinder and Dutta, Mondira c444408d444408 00104070aIIPAbIIPAd2015-05-05oR17x54 Z89p86100r2018-07-21w2018-07-21yBK